LEADER 01153nam a22002291i 4500 001 991002843399707536 005 20030811103435.0 008 030925s1905 it |||||||||||||||||ita 035 $ab12345192-39ule_inst 035 $aARCHE-039273$9ExL 040 $aBiblioteca Interfacoltà$bita$cA.t.i. Arché s.c.r.l. Pandora Sicilia s.r.l. 100 1 $aAgresti, Alberto$0168315 245 10$aLuoghi, persone e fatti napoletani ricordati nella Divina Commedia :$besposti col metodo scientifico della statistica e preceduti da un discorso critico : memoria letta all'Accademia Pontaniana nella tornata del 18 giugno 1905 /$cdal socio Alberto Agresti 260 $aNapoli :$bFrancesco Giannini & Figli,$c1905 300 $a22 p. ;$c23 cm 650 4$aAlighieri, Dante. Divina Commedia 907 $a.b12345192$b02-04-14$c08-10-03 912 $a991002843399707536 945 $aLE002 Busta A 72/32 (Fondo Guerrieri)$g1$i2002000111579$lle002$o-$pE0.00$q-$rn$so $t0$u0$v0$w0$x0$y.i12748377$z08-10-03 996 $aLuoghi, persone e fatti napoletani ricordati nella Divina Commedia$9159193 997 $aUNISALENTO 998 $ale002$b08-10-03$cm$da $e-$fita$git $h0$i1 LEADER 02054nas 2200589-a 450 001 996208300503316 005 20240112213020.0 035 $a(DE-599)ZDB2451963-7 035 $a(OCoLC)432355489 035 $a(CKB)1000000000435727 035 $a(CONSER)--2009263372 035 $a(EXLCZ)991000000000435727 100 $a20090821a20049999 s-- - 101 0 $aeng 135 $aur||||||||||| 181 $ctxt$2rdacontent 182 $cc$2rdamedia 183 $acr$2rdacarrier 200 00$aCultura científica y tecnología 210 $a[Ciudad Juárez] $cUniversidad Autónoma de Ciudad Juárez, Instituto de Ingeniería y Tecnología$d[2004]- 215 $a1 online resource 311 $a2007-0411 517 1 $aCULCyT 531 $aCULCYT 606 $aScience$zMexico$vPeriodicals 606 $aTechnology$zMexico$vPeriodicals 606 $aScience$xSocial aspects$zMexico$vPeriodicals 606 $aTechnology$xSocial aspects$zMexico$vPeriodicals 606 $aScience and state$zMexico$vPeriodicals 606 $aScience$2fast$3(OCoLC)fst01108176 606 $aScience and state$2fast$3(OCoLC)fst01108536 606 $aScience$xSocial aspects$2fast$3(OCoLC)fst01108360 606 $aTechnology$2fast$3(OCoLC)fst01145078 606 $aTechnology$xSocial aspects$2fast$3(OCoLC)fst01145202 607 $aMexico$2fast$1https://id.oclc.org/worldcat/entity/E39QbtfRkxCrqQ3XXbCkdP63kc 608 $aPeriodicals.$2fast 610 $aSciences - General 615 0$aScience 615 0$aTechnology 615 0$aScience$xSocial aspects 615 0$aTechnology$xSocial aspects 615 0$aScience and state 615 7$aScience. 615 7$aScience and state. 615 7$aScience$xSocial aspects. 615 7$aTechnology. 615 7$aTechnology$xSocial aspects. 712 02$aUniversidad Autónoma de Ciudad Juárez.$bInstituto de Ingeniería y Tecnología. 906 $aJOURNAL 912 $a996208300503316 996 $aCultura científica y tecnología$91940008 997 $aUNISA